Quando Chicco si spoglia sorride sempre /

সংরক্ষণ করুন:
গ্রন্থ-পঞ্জীর বিবরন
প্রধান লেখক: Severini, Gilberto (লেখক)
বিন্যাস: গ্রন্থ
ভাষা:ইতালিয়
প্রকাশিত: [Milano] : Rizzoli, 1998
মালা:L'iguana ; 3
ট্যাগগুলো: ট্যাগ যুক্ত করুন
কোনো ট্যাগ নেই, প্রথমজন হিসাবে ট্যাগ করুন!

MARC

LEADER 00000nam a22000007i 4500
001 IT\ICCU\REA\0043451
003 ItRI
005 20250221000816.0
008 980929s1998 it |||||| ||||| |||||c
020 |a 8817669849 
040 |b ita  |c ARCIGAY RIMINI 
041 7 |a ita  |2 ISO-639-2 
082 |a 853.914  |2 19 
100 1 |a Severini, Gilberto  |0 IT\ICCU\CFIV\076135  |4 aut 
245 1 0 |a Quando Chicco si spoglia sorride sempre /  |c Gilberto Severini. 
260 |a [Milano] :  |b Rizzoli,  |c 1998 
300 |a 133 p. ;  |c 20 cm. 
830 2 |a L'iguana ;  |v 3  |0 IT\ICCU\UBO\0295977 
942 |2 ddc  |c BK 
952 |0 0  |1 0  |2 ddc  |4 0  |6 853_914000000000000_SEV_QUA  |7 1  |9 3318  |a RN  |b RN  |d 2025-02-21  |e DONO RIMONDINI  |l 0  |o 853.914 SEV QUA  |p 10577  |r 2025-02-21 00:08:40  |w 2025-02-21  |y BK 
981 1 |6 z01  |a i   |b xxxe  
982 1 |6 z01  |a n 
999 |c 2634  |d 2634